000 00605nam a22001937a 4500
999 _c139005
_d139005
005 20230511122046.0
010 _aENG-117780
020 _a9788173414787
_c350.00
035 _aEN-101312
037 _bDBAD/PUB
082 _a373.19
100 _aSingla, Preeti
245 _aThe changing face of education :
_cby Preeti Singla [and] Ranjay Vardhan
_ba new perspective /
260 _a Delhi
_bIndian Publishers' Distributors
_c2011
270 _a166-D, Kamla Nagar
_bDelhi
_e110007
300 _ax,283p.
_c22cm(Hb)
700 _a Vardhan,Ranjay
942 _2ddc
_cEN
_h373.19
_mSIN